|
|
|
|
| LEADER |
00000nam0a2200000 4500 |
| 001 |
192654 |
| 005 |
20231031181433.0 |
| 035 |
|
|
|a (RuTPU)RU\TPU\book\210073
|
| 090 |
|
|
|a 192654
|
| 100 |
|
|
|a 20110304d1992 m y0rusy50 ca
|
| 101 |
0 |
|
|a rus
|
| 102 |
|
|
|a RU
|
| 105 |
|
|
|a a z 001zy
|
| 200 |
1 |
|
|a Итальянская живопись XIII-XVIII веков
|f В. Э. Маркова
|g Государственный музей изобразительного искусства им. А. С. Пушкина
|
| 210 |
|
|
|a Москва
|c Изобразительное искусство
|d 1992
|
| 215 |
|
|
|a 382 с.
|c ил.
|
| 320 |
|
|
|a Библиогр.: с. 374-382.
|
| 610 |
1 |
|
|a живопись
|
| 610 |
1 |
|
|a итальянская живопись
|
| 610 |
1 |
|
|a 13 век
|
| 610 |
1 |
|
|a 14 век
|
| 610 |
1 |
|
|a 15 век
|
| 610 |
1 |
|
|a 16 век
|
| 610 |
1 |
|
|a 17 век
|
| 610 |
1 |
|
|a 18 век
|
| 610 |
1 |
|
|a альбомы
|
| 610 |
1 |
|
|a изобразительное искусство
|
| 610 |
1 |
|
|a итальянская школа
|
| 610 |
1 |
|
|a музейные коллекции
|
| 610 |
1 |
|
|a музейные собрания
|
| 675 |
|
|
|a 7(069)(084)
|v 3
|
| 700 |
|
1 |
|a Маркова
|b В. Э.
|g Виктория Эммануиловна
|
| 712 |
0 |
2 |
|a Государственный музей изобразительного искусства им. А. С. Пушкина
|2 stltpush
|3 (RuTPU)RU\TPU\col\5321
|
| 801 |
|
1 |
|a RU
|b 63413507
|c 20110304
|
| 801 |
|
2 |
|a RU
|b 63413507
|c 20110412
|g RCR
|
| 942 |
|
|
|c BK
|